Hoofdsteden van Afrika - Sprint van Één Minuut - Statistieken

Algemene statistieken
  • Deze quiz is 815 keer genomen
    26 sinds de laatste reset
  • De gemiddelde score is 15 van 54
Antwoorden op de kaart
Antwoorden kleurgecodeerd door een groen-rode schaal op de quizkaart volgens % correct hieronder.
 
Antwoordstatistieken
Land % Correct
Tunis
88%
Algiers
75%
Caïro
75%
Tripoli
75%
Accra
63%
Rabat
63%
Windhoek
63%
Freetown
50%
Porto-Novo, Cotonou
50%
Abuja
38%
Bissau
38%
Brazzaville
38%
Dakar
38%
Dodoma
38%
Kampala
38%
Kinshasa
38%
Luanda
38%
Nairobi
38%
Nouakchott
38%
Antananarivo
25%
Bamako
25%
Bangui
25%
Banjul
25%
Conakry
25%
Djoeba
25%
Gitega
25%
Harare
25%
Libreville
25%
Lome
25%
Maputo
25%
Mogadishu
25%
Monrovia
25%
Moroni
25%
Niamey
25%
Ouagadougou
25%
Port Louis
25%
Praia
25%
Gaborone
13%
Khartoem
13%
Kigali
13%
Lilongwe
13%
Lusaka
13%
Mbabane
13%
Victoria
13%
Yamoussoukro
13%
Yaounde
13%
Addis Ababa
0%
Asmara
0%
Bloemfontein, Kaapstad, Pretoria
0%
Ciudad de la Paz
0%
Djibouti
0%
Maseru
0%
Ndjamena
0%
Sao Tomé
0%
Geen overeenkomende quizzen gevonden
Scoreverdeling
Procent van Mensen met Elke Score
Percentiel versus Aantal Correcte Antwoorden
Uw Scoregeschiedenis
U heeft deze quiz nog niet genomen sinds de laatste reset